<?xml version="1.0" encoding="UTF-8"?><?xml-stylesheet type="text/xsl" href="static/style.xsl"?><OAI-PMH xmlns="http://www.openarchives.org/OAI/2.0/" xmlns:xsi="http://www.w3.org/2001/XMLSchema-instance" xsi:schemaLocation="http://www.openarchives.org/OAI/2.0/ http://www.openarchives.org/OAI/2.0/OAI-PMH.xsd"><responseDate>2026-06-03T05:27:03Z</responseDate><request verb="GetRecord" identifier="oai:riuma.uma.es:10630/16119" metadataPrefix="marc">https://riuma.uma.es/rest/oai/request</request><GetRecord><record><header><identifier>oai:riuma.uma.es:10630/16119</identifier><datestamp>2026-02-03T12:09:42Z</datestamp><setSpec>com_10630_2254</setSpec><setSpec>col_10630_37959</setSpec></header><metadata><record xmlns="http://www.loc.gov/MARC21/slim" xmlns:dcterms="http://purl.org/dc/terms/" xmlns:doc="http://www.lyncode.com/xoai" xmlns:xsi="http://www.w3.org/2001/XMLSchema-instance" xsi:schemaLocation="http://www.loc.gov/MARC21/slim http://www.loc.gov/standards/marcxml/schema/MARC21slim.xsd">
   <leader>00925njm 22002777a 4500</leader>
   <datafield ind2=" " ind1=" " tag="042">
      <subfield code="a">dc</subfield>
   </datafield>
   <datafield ind2=" " ind1=" " tag="720">
      <subfield code="a">Mérida Morales, Sandra</subfield>
      <subfield code="e">author</subfield>
   </datafield>
   <datafield ind2=" " ind1=" " tag="720">
      <subfield code="a">García-Sancho, Cristina</subfield>
      <subfield code="e">author</subfield>
   </datafield>
   <datafield ind2=" " ind1=" " tag="720">
      <subfield code="a">Ginés-Molina, María José</subfield>
      <subfield code="e">author</subfield>
   </datafield>
   <datafield ind2=" " ind1=" " tag="720">
      <subfield code="a">Cecilia-Buenestado, Juan Antonio</subfield>
      <subfield code="e">author</subfield>
   </datafield>
   <datafield ind2=" " ind1=" " tag="720">
      <subfield code="a">Moreno-Tost, Ramón</subfield>
      <subfield code="e">author</subfield>
   </datafield>
   <datafield ind2=" " ind1=" " tag="720">
      <subfield code="a">Maireles-Torres, Pedro Jesús</subfield>
      <subfield code="e">author</subfield>
   </datafield>
   <datafield ind2=" " ind1=" " tag="260">
      <subfield code="c">2018-07-04</subfield>
   </datafield>
   <datafield ind2=" " ind1=" " tag="520">
      <subfield code="a">El 5-hidroximetilfurfural (HMF) es un producto químico de alto valor añadido que puede ser transformado en numerosos productos químicos y biocombustibles. Se han realizado numerosos esfuerzos para obtener HMF a partir de carbohidratos procedentes de la biomasa lignocelulósica, como glucosa y fructosa, mediante su deshidratación en presencia de catalizadores ácidos. El objetivo de este trabajo es disminuir la cristalinidad de la celulosa mediante un tratamiento mecánico y estudiar su hidrólisis y deshidratación a HMF utilizando como catalizador una sílice mesoporosa KIT-6 dopada con Zr, y posteriormente sulfatada. Se sintetizaron una sílice KIT-6 sin y con dopado con Zr (relación molar Si/Zr= 14: Zr-KIT-6). La sulfatación se realizó con H2SO4 1 M a temperatura ambiente, y posterior tratamiento térmico a 300ºC. El pretratamiento mecánico de diferentes celulosas se ha llevado a cabo mediante un molino de bolas, teniendo en cuenta para el estudio tanto el tiempo de molienda de la celulosa como la cantidad de CaCl2 añadida. Mediante DRX a bajo ángulo se comprobó que el sólido KIT-6 presenta un pico a 2θ=0.87º correspondiente a la simetría cúbica Ia3d. Esta señal se observa también para Zr-KIT-6 a pesar de que disminuye ligeramente su intensidad, por lo que la estructura se mantiene&#xd;
tras la incorporación de Zr. Por otro lado, las muestras de celulosa pretratadas con diferentes condiciones se analizaron mediante DRX a alto ángulo. Se observa que tanto el tiempo de molienda como la adición de CaCl2 durante el pretratamiento son factores que favorecen la pérdida de cristalinidad de la celulosa, pasando de un 33-35% a un 19%, por lo que este pretratamiento podría facilitar su posterior hidrólisis. La reacción de deshidratación de glucosa, procedente de la hidrólisis de la celulosa, se ha realizado en un sistema agua/MIBK, en presencia de CaCl2 para minimizar las reacciones secundarias de degradación del HMF formado.</subfield>
   </datafield>
   <datafield ind1="8" ind2=" " tag="024">
      <subfield code="a">https://hdl.handle.net/10630/16119</subfield>
   </datafield>
   <datafield tag="653" ind2=" " ind1=" ">
      <subfield code="a">Biomasa</subfield>
   </datafield>
   <datafield ind2="0" ind1="0" tag="245">
      <subfield code="a">Conversión de celulosa en 5-hidroximetilfurfural en presencia de Zr-KIT-6</subfield>
   </datafield>
</record>
</metadata></record></GetRecord></OAI-PMH>